00467nam a2200181 a 4500001001300000003000900013005001700022008004100039020001000080082001900090245001700109260003500126300000800161500003500169505004700204650001600251710001800267nice12345678IN_TiNIC20260116012909.0050524s1970 hyda grp 000 0 urd  ac10000a891.4391bANE1 aNazr-E-Anees aHyderabadbAnees Academyc1970 a96p aincludes index and biblioraphy2 aFoot notes by Maulana Maulvi Ilahi Bakhsh. aUrdu-Poetry2 aAnees Academy